000 00617nam a2200205Ia 4500
001 15713
003 GE_BSU
008 181216s||||||||xx |||||||||||||| ||und||
040 _cGE_BSU
080 _a821.353.1-84
100 _aწერეთელი, ა. (აკაკი, 1840-1915)
245 _aაფორიზმები.
245 _cრედ.ვლ.ჯიბუტი. მხ. ალ. მესხი
260 _aთბილისი
260 _bსაბლიტგამი
260 _c1948
300 _a32 გვ. ; 13 სმ
653 _aაფორიზმები
942 _cBK
999 _c48811
_d48811